000 01380nam a2200349 i 4500
001 000006055
003 DO-SdBNP
005 20251009144133.0
007 ta
008 090826s2004 dr r 001 0 spa d
040 _aDO-SdBNP
_bspa
_cBNPHU
_erda
041 _aspa
082 4 _a323.445
_bR426L
_222
110 1 _aRepública Dominicana.
_bFundación Institucionalidad y Justicia (FINJUS)
_917058
240 1 0 _aLeyes, etc.
245 1 0 _aLey general de libre acceso a la información pública /
_cprólogo, José Tomás Pérez ; presentación, José Alfredo Rizek Vidal.
264 1 _aSanto Domingo :
_bFINJUS,
_c2004.
300 _a53 páginas ;
_c21 cm.
336 _atexto
_btxt
_2rdacontent
337 _asin mediación
_bn
_2rdamedia
338 _avolumen
_bnc
_2rdacarrier
500 _aLey general de libre acceso a la información pública.
590 _aInventariado, 2025/ YL
650 4 _aAcceso a la información
_917972
_xLegislación
650 4 _aPolítica de información
_953836
_zRepública Dominicana
651 0 _aRepública Dominicana
_978065
_xLey 200-04
700 1 _aPérez, José Tomás,
_eprologuista
_4pr.
_917046
700 1 _aRizek Vidal, José Alfredo
_epresentador
_4pr.
_988675
710 2 _aFundación Institucionalidad y Justicia (República Dominicana)
_91886
910 _aYLockward. Validado. Control de calidad/MAA
942 _2ddc
_cLBS1
999 _c5851
_d5851